000 00220cam a22000857a 4500
008 180718b xxu||||| |||| 00| 0 eng d
100 _aByres,Terence J
245 _aState,class and development planning in India
260 _a
_b
_c
999 _c367816
_d367816